La extincion del derecho de dominio : (Registro nro. 29215)

Detalles MARC
000 -LEADER
fixed length control field 00837nam a2200229Ia 4500
003 - CONTROL NUMBER IDENTIFIER
control field CO-CtgCURN
005 - DATE AND TIME OF LATEST TRANSACTION
control field 20250407183631.0
008 - FIXED-LENGTH DATA ELEMENTS--GENERAL INFORMATION
fixed length control field 190723s9999 xx 000 0 und d
020 ## - INTERNATIONAL STANDARD BOOK NUMBER
International Standard Book Number 9589333559
040 ## - CATALOGING SOURCE
Original cataloging agency CO-CtgCURN
Language of cataloging spa
Transcribing agency coctgcurn
082 ## - DEWEY DECIMAL CLASSIFICATION NUMBER
Classification number 346.029
Item number E77e
100 ## - MAIN ENTRY--PERSONAL NAME
Personal name Espitia Garzon, Fabio
245 #0 - TITLE STATEMENT
Title La extincion del derecho de dominio :
Remainder of title acorde con el nuevo código penal y la ley 793 de 2002 /
Statement of responsibility, etc. Fabio Espitia Garzon
260 ## - PUBLICATION, DISTRIBUTION, ETC.
Place of publication, distribution, etc. Bogotá, Colombia :
Name of publisher, distributor, etc. Grupo Editorial Ibañez,
Date of publication, distribution, etc. 2003
300 ## - PHYSICAL DESCRIPTION
Extent 126 páginas ;
Dimensions 19 centímetros
521 ## - TARGET AUDIENCE NOTE
Target audience note AREA PROFESIONAL
590 ## - LOCAL NOTE (RLIN)
Local note Programa de Derecho_18
650 ## - SUBJECT ADDED ENTRY--TOPICAL TERM
Topical term or geographic name entry element Enriquecimiento ilicito
650 ## - SUBJECT ADDED ENTRY--TOPICAL TERM
Topical term or geographic name entry element Prescripción (Derecho penal)
942 ## - ADDED ENTRY ELEMENTS (KOHA)
Koha item type Libros
Classification part 346.029
Item part E77e
Source of classification or shelving scheme Dewey Decimal Classification
Suppress in OPAC No
Existencias
Withdrawn status Lost status Damaged status Not for loan Collection Home library Current library Shelving location Date acquired Inventory number Total checkouts Full call number Barcode Date last seen Copy number Price effective from Koha item type
          Miguel Henríquez Castañeda Barranquilla Miguel Henríquez Castañeda Barranquilla General 05/23/2018 01952   346.029 E77e 01952 07/23/2019 ej.1 07/23/2019 Libros